[Event "Ambelokipi op 154th"]
[Site "Athens"]
[Date "2015.07.08"]
[Round "7"]
[White "Gamback, Bjorn"]
[Black "Kostopoulos, Konstantinos"]
[Result "1/2-1/2"]
[WhiteElo "2139"]
[BlackElo "2034"]
[PlyCount "35"]
[EventDate "2015.06.29"]
[EventType "swiss"]
[EventRounds "7"]
[EventCountry "GRE"]
[SourceTitle "EXT 2024"]
[Source "ChessBase"]
[SourceDate "2023.10.10"]
[SourceVersion "1"]
[SourceVersionDate "2023.10.10"]
[SourceQuality "1"]

1. e4 d6 2. d4 Nf6 3. Nc3 g6 4. Nf3 Bg7 5. Be3 c6 6. Qd2 b5 7. Bd3 Nbd7 8. Bh6 0-0 9. h4 e5 10. dxe5 dxe5 11. Ne2 Bxh6 12. Qxh6 Ng4 13. Qd2 h5 14. Ng3 Nc5 15. Be2 Ne6 16. 0-0 Qxd2 17. Nxd2 Rd8 18. Nb3 1/2-1/2